Alternating current machines (Record no. 23298)

000 -LEADER
fixed length control field 00516nam a22001937a 4500
001 - CONTROL NUMBER
control field 23298
003 - CONTROL NUMBER IDENTIFIER
control field BD-DhUET
008 - FIXED-LENGTH DATA ELEMENTS--GENERAL INFORMATION
fixed length control field 150503b xxu||||| |||| 00| 0 eng d
040 ## - CATALOGING SOURCE
Original cataloging agency DLC
Transcribing agency DLC
Modifying agency BD-DhUET
082 ## - DEWEY DECIMAL CLASSIFICATION NUMBER
Classification number 623.133
Item number COT/1960
100 ## - MAIN ENTRY--PERSONAL NAME
Personal name Cotton, H.
245 ## - TITLE STATEMENT
Title Alternating current machines
250 ## - EDITION STATEMENT
Edition statement 2nd ed.
260 ## - PUBLICATION, DISTRIBUTION, ETC. (IMPRINT)
Place of publication, distribution, etc. London
Name of publisher, distributor, etc. Macmillan
Date of publication, distribution, etc. 1960
300 ## - PHYSICAL DESCRIPTION
Extent 328p.
Other physical details ill.
490 ## - SERIES STATEMENT
Series statement Cleaver-Hume electrical series, no. 4
650 #0 - SUBJECT ADDED ENTRY--TOPICAL TERM
Topical term or geographic name as entry element Alternating current : Electrical machinery
942 ## - ADDED ENTRY ELEMENTS (KOHA)
Koha item type General Book
Holdings
Sublocation or collection (holding branch) Piece designation (barcode) Koha item type Withdrawn status Koha full call number Shelving location Lost status Location (home branch) Source of classification or shelving scheme Price effective from Not for loan Koha normalized classification for sorting Damaged status Copy number Koha date last seen Date acquired
Central Library, BUET22776General Book 623.133/COT/1960Circulation section Central Library, BUET 2015-05-03 623_133000000000000_COT_1960 12015-05-032015-05-03
Central Library, BUET22777General Book 623.133/COT/1960Circulation section Central Library, BUET 2015-05-03 623_133000000000000_COT_1960 22015-05-032015-05-03
Central Library, BUET22775General Book 623.133/COT/1960Circulation section Central Library, BUET 2015-05-03 623_133000000000000_COT_1960 32015-05-032015-05-03
Central Library, BUET22781General Book 623.133/COT/1960Circulation section Central Library, BUET 2015-05-03 623_133000000000000_COT_1960 42015-05-032015-05-03
Central Library, BUET22779General Book 623.133/COT/1960Circulation section Central Library, BUET 2015-05-03 623_133000000000000_COT_1960 52015-05-032015-05-03
Central Library, BUET22778General Book 623.133/COT/1960Circulation section Central Library, BUET 2015-05-03 623_133000000000000_COT_1960 62015-05-032015-05-03
Central Library, BUET22782General Book 623.133/COT/1960Circulation section Central Library, BUET 2015-05-03 623_133000000000000_COT_1960 72015-05-032015-05-03
Central Library, BUET22780General Book 623.133/COT/1960Circulation section Central Library, BUET 2015-05-03 623_133000000000000_COT_1960 82015-05-032015-05-03
Central Library, BUET22774General Book 623.133/COT/1960Circulation section Central Library, BUET 2015-05-03 623_133000000000000_COT_1960 92015-05-032015-05-03
Central Library, BUET22783General Book 623.133/COT/1960Circulation section Central Library, BUET 2015-05-03 623_133000000000000_COT_1960 102015-05-032015-05-03